Normale Ansicht MARC-Ansicht ISBD

Monasteries and convents of the Russian orthodox church abroad : (Titelsatznr. 31446)

[ MARC ]
MARC-Details
000 -Satzkennung
Kontrollfeld mit fester Länge 00855nam a22002411c 4500
001 - Kontrollnummer
Kontrollfeld a987694721
003 - Kontrollnummer Identifier
Kontrollfeld RU-10907106
005 - Datum und Zeit der letzten Transaktion
Kontrollfeld 20210616133500.0
008 - Feld mit fester Länge zur physischen Beschreibung - Allgemeine Angaben
Kontrollfeld mit fester Länge 200817s1990 gw a||| 000u eng d
020 ## - Internationale Standardbuchnummer
Internationale Standardbuchnummer 3926165138
Verknüpfung 3-926165-13-8
040 ## - Katalogisierungsquelle
Übertragungsstelle RU-10907106
Original-Katalogisierungsstelle RU-10907106
Katalogisierungssprache ger
041 ## - Sprachcode
Sprachcode des Textes/der Tonspur oder des separaten Titels eng
100 1# - Haupteintragung - Personenname
Personenname Seide, Georg
245 00 - Titel
Titel Monasteries and convents of the Russian orthodox church abroad :
Zusatz zum Titel an historical review /
Verfasserangabe etc. Georg Seide. Engl. transl. by Theophilos Lasswell
264 ## - Produktion, Veröffentlichung, Distribution, Herstellung und Urheberrechtsvermerk
Herstellungs-, Veröffentlichungs- Vertriebs-, Erzeugungsort Munich :
Produzent, Herausgeber, Distributor, Hersteller Monastery of Saint-Job of Pochaev,
Datum der Herstellung, der Veröffentlichung, des Vertriebs oder des Urheberschutzvermerks 1990
300 ## - Physische Beschreibung
Umfang 210 Seiten : Illustrationen
650 ## - Nebeneintragung unter einem Schlagwort - Sachschlagwort
Sachschlagwort oder geografischer Name als Eintragungselement Orthodoxie
650 ## - Nebeneintragung unter einem Schlagwort - Sachschlagwort
Sachschlagwort oder geografischer Name als Eintragungselement Kloster
650 ## - Nebeneintragung unter einem Schlagwort - Sachschlagwort
Sachschlagwort oder geografischer Name als Eintragungselement Kirche
700 1# - Nebeneintragung - Personenname
Personenname Lasswell, Theophilos
Funktionsbezeichnung MitarbeiterIn
711 2# - Nebeneintragung - Kongressname
Kongress- oder Gebietskörperschaftsname als Eintragungselement Die Klöster der Russischen Orthodoxen Kirche im Ausland in Vergangenheit und Gegenwart <engl.> ; () :
942 ## - Zusätzliche Felder (Koha)
Koha-Medientyp Monographien
Klassifikation oder Aufstellungssystematik Andere/Generische Klassifikation
Exemplare
Ausgeschieden Verloren Klassifikation oder Aufstellungssystematik Beschädigt Nicht entleihbar Heimatbibliothek Aufenthaltsbibliothek Erwerbungsdatum Inventarnummer Signatur Barcode Letzte Aktivität Preis gültig von Koha-Medientyp
    Andere/Generische Klassifikation     MWN Osteuropa MW Forum Finnland 17/08/2020 20-01522 R 60 l Sei (E) E00401080A930CB4 22/02/2021 22/03/2021 Monographien